[Event "Loire-ch Top20 1213"]
[Site "Loire"]
[Date "2012.12.15"]
[Round "4"]
[White "Cursoux, Gerard"]
[Black "Longueville, Thomas"]
[Result "1-0"]
[WhiteElo "1900"]
[BlackElo "1782"]
[PlyCount "45"]
[EventDate "2012.10.06"]
[EventType "swiss"]
[EventRounds "8"]
[EventCountry "FRA"]
[SourceTitle "EXT 2014"]
[Source "ChessBase"]
[SourceDate "2013.11.20"]
[SourceVersion "1"]
[SourceVersionDate "2013.11.20"]
[SourceQuality "1"]

1. c4 Nf6 2. Nc3 g6 3. g3 Bg7 4. Bg2 d6 5. d4 0-0 6. Nf3 Nc6 7. 0-0 e5 8. d5 Ne7 9. Bg5 Ne8 10. Qd2 f6 11. Bh6 Rf7 12. e4 Kh8 13. Ne1 Bd7 14. Nd3 c5 15. dxc6 bxc6 16. Bxg7+ Kxg7 17. f4 Qb6+ 18. c5 dxc5 19. Na4 Qc7 20. Naxc5 Rd8 21. Qc3 exf4 22. Nxf4 g5 23. Nfe6+ 1-0

[Event "Loire-ch Top20 1112"]
[Site "Loire"]
[Date "2012.03.03"]
[Round "5.6"]
[White "Cursoux, Gerard"]
[Black "Longueville, Thomas"]
[Result "0-1"]
[WhiteElo "1920"]
[BlackElo "1788"]
[PlyCount "61"]
[EventDate "2011.10.08"]
[EventType "tourn"]
[EventRounds "7"]
[EventCountry "FRA"]
[SourceTitle "EXT 2014"]
[Source "ChessBase"]
[SourceDate "2013.11.20"]
[SourceVersion "1"]
[SourceVersionDate "2013.11.20"]
[SourceQuality "1"]

1. e4 e6 2. d4 d5 3. Nc3 Bb4 4. e5 Qd7 5. a3 Bf8 6. f4 g6 7. Nf3 b6 8. Ne2 Ba6 9. c3 c5 10. b4 Nc6 11. Be3 c4 12. g3 h5 13. Bg2 Nh6 14. h3 Ne7 15. Nh4 Nef5 16. Nxf5 Nxf5 17. Bf2 Be7 18. Ng1 g5 19. fxg5 Bxg5 20. Bf3 Ng7 21. h4 Bh6 22. Nh3 0-0-0 23. 0-0 Rdg8 24. Kh2 Nf5 25. a4 Be3 26. Rg1 Bxf2 27. Nxf2 Qe7 28. Kh3 Rxg3+ 29. Rxg3 Qxh4+ 30. Kg2 Qxg3+ 31. Kf1 0-1

[Event "Loire-ch Top14 0708"]
[Site "Loire"]
[Date "2008.03.08"]
[Round "6"]
[White "Cursoux, Gerard"]
[Black "Deville, Olivier"]
[Result "1/2-1/2"]
[WhiteElo "2040"]
[BlackElo "2005"]
[PlyCount "83"]
[EventDate "2007.10.20"]
[EventType "swiss"]
[EventRounds "7"]
[EventCountry "FRA"]
[SourceTitle "EXT 2010"]
[Source "ChessBase"]
[SourceDate "2010.11.25"]
[SourceVersion "1"]
[SourceVersionDate "2010.11.25"]
[SourceQuality "1"]

1. e4 c5 2. Nc3 g6 3. Nf3 Bg7 4. d4 cxd4 5. Nxd4 Nc6 6. Be3 Nf6 7. f3 d5 8. Nxc6 bxc6 9. e5 Nd7 10. f4 e6 11. Be2 Qa5 12. 0-0 Ba6 13. a3 Bxe2 14. Qxe2 a6 15. b4 Qc7 16. Na4 0-0 17. Bd4 a5 18. c3 Rfc8 19. Qe3 axb4 20. axb4 Qb7 21. Nc5 Nxc5 22. Bxc5 Qb5 23. Rae1 Ra2 24. Rf3 Rca8 25. f5 Ra1 26. f6 Bf8 27. Rff1 Rxe1 28. Rxe1 Bxc5 29. bxc5 Ra2 30. Kh1 Qb2 31. Rg1 Qd2 32. Qxd2 Rxd2 33. Ra1 h6 34. g4 g5 35. Ra8+ Kh7 36. Rf8 Re2 37. Rxf7+ Kg8 38. Rc7 Rxe5 39. Rxc6 Kf7 40. Rd6 Re1+ 41. Kg2 Re4 42. Kf3 1/2-1/2

[Event "Loire-ch Top20 0304"]
[Site "Loire"]
[Date "2004.04.24"]
[Round "8"]
[White "Cursoux, Gerard"]
[Black "Massard, Christian"]
[Result "1-0"]
[WhiteElo "2040"]
[BlackElo "1830"]
[PlyCount "55"]
[EventDate "2003.09.27"]
[EventType "swiss"]
[EventRounds "9"]
[EventCountry "FRA"]
[SourceTitle "EXT 2008"]
[Source "ChessBase"]
[SourceDate "2007.11.25"]
[SourceVersion "1"]
[SourceVersionDate "2007.11.25"]
[SourceQuality "1"]

1. b4 a5 2. b5 c6 3. a4 cxb5 4. axb5 d5 5. e3 Nf6 6. Bb2 Nbd7 7. Nf3 e6 8. Be2 Be7 9. 0-0 0-0 10. d4 Nb6 11. Nbd2 Bd7 12. Ne5 Qe8 13. Nxd7 Qxd7 14. Bd3 Rfc8 15. Qe2 a4 16. Ba3 Ne8 17. f4 Nd6 18. Bxd6 Bxd6 19. f5 e5 20. dxe5 Bxe5 21. Ra2 f6 22. c4 Qd6 23. h3 a3 24. cxd5 Qxd5 25. Nf3 Bb2 26. Bb1 Na4 27. Rxa3 Qc4 28. Ba2 1-0

[Event "Loire-ch Top20 0304"]
[Site "Loire"]
[Date "2004.03.06"]
[Round "6"]
[White "Cursoux, Gerard"]
[Black "Testard, Philippe"]
[Result "0-1"]
[WhiteElo "2040"]
[BlackElo "2020"]
[PlyCount "66"]
[EventDate "2003.09.27"]
[EventType "swiss"]
[EventRounds "9"]
[EventCountry "FRA"]
[SourceTitle "EXT 2008"]
[Source "ChessBase"]
[SourceDate "2007.11.25"]
[SourceVersion "1"]
[SourceVersionDate "2007.11.25"]
[SourceQuality "1"]

1. e4 c5 2. Nc3 e6 3. g3 Nc6 4. Bg2 g6 5. f4 Bg7 6. Nf3 Nge7 7. 0-0 0-0 8. d3 d6 9. g4 Rb8 10. Ne2 d5 11. e5 b5 12. c3 Ba6 13. Be3 d4 14. cxd4 Nd5 15. Bf2 c4 16. dxc4 bxc4 17. Qd2 Ncb4 18. Rfb1 Qd7 19. Nc3 Nd3 20. Bg3 Rfc8 21. Ne1 N5b4 22. Ne2 Rb6 23. a3 Nxe1 24. Bxe1 Nd3 25. Bg3 Rcb8 26. Ra2 Bb7 27. Bxb7 Qxb7 28. f5 Qe4 29. f6 Bf8 30. Nc3 Qxd4+ 31. Bf2 Qxg4+ 32. Bg3 Nxe5 33. Rf1 Nf3+ 0-1